| 000 | 00798nac a22002411u 4500 | ||
|---|---|---|---|
| 010 | _a97024169 | ||
| 020 | _a0137930763 | ||
| 082 | 0 | 0 |
_a515.15 _bE2611 |
| 090 |
_c1245 _d1245 |
||
| 100 | _aEdwards, C. H. | ||
| 245 | 1 | 0 |
_aCalculus with analytic geometry : _bearly transcendentals / _cC.H. Edwards, David E. Penney. |
| 250 | _a5th ed. | ||
| 260 |
_aUpper Saddle River, NJ : _bPrentice Hall, _cc1998. |
||
| 300 |
_a1 v. (various pagings) : _bill. (some col.) ; _c26 cm. |
||
| 504 | _aIncludes bibliographical references and index. | ||
| 650 | 0 | _aCalculus. | |
| 650 | 0 | _aGeometry, Analytic. | |
| 700 | 1 | _aPenney, David E. | |
| 942 |
_cBB _k515.15E2611 _hRDA-MOD |
||
| 999 |
_c1245 _d1245 |
||
| 336 |
_2rdacontent _atext _btxt |
||
| 337 |
_aunmediated _2rdamedia _bn |
||
| 338 |
_avolume _bnc _2rdacarrier |
||